[Event "Omsk-ch op"]
[Site "Omsk"]
[Date "2009.02.23"]
[Round "9"]
[White "Utyupin, Vladimir"]
[Black "Pinigin, Vladimir"]
[Result "1/2-1/2"]
[WhiteElo "2122"]
[BlackElo "2064"]
[PlyCount "24"]
[EventDate "2009.02.12"]
[EventType "swiss"]
[EventRounds "11"]
[EventCountry "RUS"]
[SourceTitle "CBM 129 Extra"]
[Source "ChessBase"]
[SourceDate "2009.05.05"]
[SourceVersion "2"]
[SourceVersionDate "2009.05.20"]
[SourceQuality "1"]

1. d4 d5 2. c4 c6 3. Nc3 Nf6 4. Nf3 e6 5. Bg5 dxc4 6. a4 Bb4 7. Bxf6 Qxf6 8. e3 b5 9. Be2 a6 10. Qc2 Nd7 11. b3 cxb3 12. Qxb3 Qe7 1/2-1/2

[Event "Omsk-ch op"]
[Site "Omsk"]
[Date "2009.02.15"]
[Round "3"]
[White "Zenzera, Alexey"]
[Black "Utyupin, Vladimir"]
[Result "1-0"]
[WhiteElo "2071"]
[BlackElo "2122"]
[PlyCount "58"]
[EventDate "2009.02.12"]
[EventType "swiss"]
[EventRounds "11"]
[EventCountry "RUS"]
[SourceTitle "CBM 129 Extra"]
[Source "ChessBase"]
[SourceDate "2009.05.05"]
[SourceVersion "2"]
[SourceVersionDate "2009.05.20"]
[SourceQuality "1"]

1. d4 d5 2. c4 c6 3. e3 Nf6 4. Nf3 e6 5. Nc3 Nbd7 6. Bd3 dxc4 7. Bxc4 b5 8. Bd3 a6 9. 0-0 c5 10. Ne4 c4 11. Bc2 Bb7 12. Neg5 Be7 13. Re1 0-0 14. e4 h6 15. Nh3 Re8 16. Qe2 Bb4 17. Rd1 Qe7 18. e5 Nd5 19. Qe4 Nf8 20. Qg4 Kh8 21. Qh5 f5 22. exf6 Nxf6 23. Qe5 Bxf3 24. gxf3 Bd6 25. Qe2 e5 26. dxe5 Bxe5 27. Nf4 Bc7 28. Qxe7 Rxe7 29. Be3 Rae8 1-0

[Event "Omsk-ch sf op"]
[Site "Omsk"]
[Date "2007.12.10"]
[Round "9"]
[White "Skokov, Boris"]
[Black "Utyupin, Vladimir"]
[Result "0-1"]
[WhiteElo "2034"]
[BlackElo "2106"]
[PlyCount "38"]
[EventDate "2007.12.01"]
[EventType "swiss"]
[EventRounds "9"]
[EventCountry "RUS"]
[SourceTitle "EXT 2022"]
[Source "ChessBase"]
[SourceDate "2021.10.06"]
[SourceVersion "1"]
[SourceVersionDate "2021.10.06"]
[SourceQuality "1"]

1. e4 e5 2. Nf3 Nc6 3. Bb5 a6 4. Ba4 d6 5. c3 Bd7 6. d4 g6 7. Bg5 f6 8. Be3 Bg7 9. 0-0 Nh6 10. dxe5 dxe5 11. Bb3 Qe7 12. Bd5 Nf7 13. b4 b6 14. a4 Rb8 15. Qe2 a5 16. Qc4 Nd6 17. Qb3 axb4 18. cxb4 Nd8 19. b5 Be6 0-1

[Event "Chigorin Memorial 12th"]
[Site "St Petersburg"]
[Date "2004.10.21"]
[Round "6"]
[White "Utyupin, Vladimir"]
[Black "Sorokina, Anastasia"]
[Result "0-1"]
[WhiteElo "2134"]
[BlackElo "2188"]
[PlyCount "76"]
[EventDate "2004.10.16"]
[EventType "swiss"]
[EventRounds "9"]
[EventCountry "RUS"]
[SourceTitle "EXT 2005"]
[Source "ChessBase"]
[SourceDate "2004.11.15"]
[SourceVersion "1"]
[SourceVersionDate "2004.11.15"]
[SourceQuality "1"]

1. d4 Nf6 2. Nf3 g6 3. c4 Bg7 4. Nc3 0-0 5. Bg5 d6 6. e3 Qe8 7. Be2 e5 8. 0-0 h6 9. Bh4 g5 10. Bg3 Nh5 11. dxe5 Nxg3 12. hxg3 dxe5 13. Qc2 c6 14. Rad1 Na6 15. Rd2 f5 16. Rfd1 Qe7 17. a3 Be6 18. b4 h5 19. Rd6 Rae8 20. Na4 e4 21. Ne1 Be5 22. R6d2 h4 23. gxh4 gxh4 24. c5 Nc7 25. Nb2 Nd5 26. Nc4 Bb8 27. f4 Rf6 28. Qb2 Kh7 29. Nc2 Rg8 30. Bf1 Rh6 31. Nd4 Bc8 32. Ne2 h3 33. Nc3 Be6 34. Nxd5 Bxd5 35. Na5 Qh4 36. Nxb7 hxg2 37. Rxg2 Qh1+ 38. Kf2 Rh2 0-1